Central Library OPAC University of Rajshahi

The general principle of relativity in its philosophical and historical aspect / (Record no. 52319)

MARC details
000 -LEADER
fixed length control field 00678nam a2200217 a 4500
001 - CONTROL NUMBER
control field 52319
003 - CONTROL NUMBER IDENTIFIER
rucl marc code BD-RjUL
005 - DATE AND TIME OF LATEST TRANSACTION
control field 20211209075803.0
008 - FIXED-LENGTH DATA ELEMENTS--GENERAL INFORMATION
fixed length control field 160919s1920 enk 000 0 eng
035 ## - SYSTEM CONTROL NUMBER
System control number (BD-RjUL)52439
040 ## - CATALOGING SOURCE
Original cataloging agency DLC
Transcribing agency CtY
Modifying agency DLC
-- BD-RjUL
Language of cataloging eng
041 ## - LANGUAGE CODE
Language code of text/sound track or separate title eng
082 ## - DEWEY DECIMAL CLASSIFICATION NUMBER
Edition number 23
Classification number 530.1
Author mark and year CAG 1920
100 1# - MAIN ENTRY--PERSONAL NAME
Personal name Carr, Herbert Wildon,
Dates associated with a name 1857-1931.
9 (RLIN) 156581
245 14 - TITLE STATEMENT
Title The general principle of relativity in its philosophical and historical aspect /
Statement of responsibility, etc. by H. Wildon Carr.
260 ## - PUBLICATION, DISTRIBUTION, ETC. (IMPRINT)
Place of publication, distribution, etc. London :
Name of publisher, distributor, etc. Macmillan and co., limited,
Date of publication, distribution, etc. 1920.
300 ## - PHYSICAL DESCRIPTION
Pagination x, 165 p. ;
Size 20 cm.
500 ## - GENERAL NOTE
General note Includes Index
650 #0 - SUBJECT ADDED ENTRY--TOPICAL TERM
Topical term or geographic name as entry element Relativity (Physics)
9 (RLIN) 156582
942 ## - ADDED ENTRY ELEMENTS (KOHA)
Source of classification or shelving scheme Dewey Decimal Classification
Koha item type Books
Holdings
Lost status Source of classification or shelving scheme Damaged status Not for loan Collection code Permanent Location Current Location Shelving location Date acquired Source of acquisition Cost, normal purchase price Total Checkouts Full call number Date last seen Copy number Koha item type
  Dewey Decimal Classification     Non-fiction Central Library, University of Rajshahi Central Library, University of Rajshahi   08/03/1956 B.H. Blackwell 0.00   530.1 CAG 1920 19/09/2016 C-2 Books
  Dewey Decimal Classification     Non-fiction Central Library, University of Rajshahi Central Library, University of Rajshahi   08/03/1956 B.H. Blackwell 0.00   530.1 CAG 1920 19/09/2016 C-3 Books